Online
Catalog

American civilization : (Record no. 1253)

MARC details
000 -CABECERA
campo de control de longitud fija 00775cam a2200217 a 4500
001 - NÚMERO DE CONTROL
campo de control 000001318
005 - FECHA Y HORA DE LA ÚLTIMA TRANSACCIÓN
campo de control 20200929145536.0
008 - DATOS DE LONGITUD FIJA--INFORMACIÓN GENERAL
campo de control de longitud fija 700928s1969 xxubd rb 001 0 eng d
040 ## - FUENTE DE LA CATALOGACIÓN
Centro catalogador/agencia de origen DO-SdBNP
Lengua de catalogación spa
Centro/agencia transcriptor BNPHU
082 ## - NÚMERO DE LA CLASIFICACIÓN DECIMAL DEWEY
Número de clasificación 309.1/73
Número de documento/Ítem B789a, 1968.
100 1# - ENTRADA PRINCIPAL--NOMBRE DE PERSONA
Nombre de persona Boyd, Maurice,
Fechas asociadas al nombre 1921-
9 (RLIN) 4455
245 10 - MENCIÓN DE TÍTULO
Título American civilization :
Resto del título an introduction to the social sciences /
Mención de responsabilidad, etc. Maurice Boyd y Donald Worcester ; introducción Harry J. Carman.
250 ## - MENCIÓN DE EDICIÓN
Mención de edición 2a ed.
260 ## - PUBLICACIÓN, DISTRIBUCIÓN, ETC.
Lugar de publicación, distribución, etc. Boston, Massachusetts :
Nombre del editor, distribuidor, etc. Allyn and Bacon,
Fecha de publicación, distribución, etc. 1969.
300 ## - DESCRIPCIÓN FÍSICA
Extensión xv, 787 p. :
Otras características físicas gráf., mapas ;
Dimensiones 24 cm.
500 ## - NOTA GENERAL
Nota general Incluye índice
504 ## - NOTA DE BIBLIOGRAFÍA, ETC.
Nota de bibliografía, etc. Bibliografía : p. 731-755.
590 ## - NOTA LOCAL (RLIN)
Nota local Inventariado, 2019/BT
700 1# - PUNTO DE ACCESO ADICIONAL--NOMBRE DE PERSONA
Nombre de persona Worcester, Donald Emmet
9 (RLIN) 4456
700 1# - PUNTO DE ACCESO ADICIONAL--NOMBRE DE PERSONA
Nombre de persona Carman, Harry J.,
Término indicativo de función/relación pról.
9 (RLIN) 4457
Holdings
Estado de retiro Estado de pérdida Restricciones de uso No para préstamo Código de colección Localización permanente Ubicación/localización actual Ubicación en estantería Fecha de adquisición Número de inventario Total de préstamos Signatura topográfica completa Código de barras Fecha visto por última vez Precio válido a partir de Tipo de ítem Koha
      Excluido de préstamo Monografías: Libros y Folletos General General Depósito 16.09.2009 LF1   309.1/73 B789a, 1968. 1318-10 25.06.2020 25.06.2020 No se presta

Powered by Koha